| 000 | 00577nam a22001457a 4500 | ||
|---|---|---|---|
| 003 | 0 | ||
| 005 | 20160609172220.0 | ||
| 008 | 130812t xxu||||| |||| 00| 0 eng d | ||
| 040 |
_aBUAC _bFr _cBEPAC |
||
| 100 |
_aAGOUA, Patrick S. _926207 |
||
| 245 |
_aContribution à l’aménagement et à la gestion durable des forêts du Benin : caractéristiques structurale, écologique et modes de gestion des plantations privées de teck dans la commune de ZE _cAGOUA, Patrick S. |
||
| 260 |
_aAbomey-Calavi _bEcole Polytechnique d’Abomey-Calavi _c2007 |
||
| 300 | _a52p. | ||
| 942 | _cTHE | ||
| 999 |
_c52454 _d52454 |
||